|
LDR
| 02616nam a2200649 i 4500 |
|---|
| 001 | 57966 |
|---|
| 003 | CZ-PrJAB |
|---|
| 005 | 20230213124910.0 |
|---|
| 007 | ta |
|---|
| 008 | 230117s2022 xr ab f 000 0 cze |
|---|
| 015 | | . |
‡acnb003493683 |
|---|
| 020 | | . |
‡a978-80-907512-9-3
‡q(brožováno) |
|---|
| 035 | | . |
‡a(CZ PrNK)nkc20233493683 |
|---|
| 035 | | . |
‡a(OCoLC)1372329673 |
|---|
| 040 | | . |
‡aOLA001
‡bcze
‡erda |
|---|
| 043 | | . |
‡ae-xr--- |
|---|
| 072 | | 7. |
‡a343
‡xTrestní právo
‡2Konspekt
‡916 |
|---|
| 080 | | . |
‡a343.296
‡2MRF |
|---|
| 080 | | . |
‡a343.61
‡2MRF |
|---|
| 080 | | . |
‡a343.3/.7-058.6
‡2MRF |
|---|
| 080 | | . |
‡a364.63-055.2
‡2MRF |
|---|
| 080 | | . |
‡a(437.3)
‡2MRF |
|---|
| 080 | | . |
‡a(048.8)
‡2MRF |
|---|
| 100 | 1 | . |
‡aPresserová, Petra
‡7xx0281179
‡4aut |
|---|
| 245 | 1 | 0. |
‡aOdškodňování obětí trestných činů v kontextu násilí na ženách :
‡bpoznatky z teorie i praxe a návrhy ke zlepšení /
‡cautorský a výzkumný kolektiv: Petra Presserová, Martina Houžvová, Veronika Ježková, Nella Šimkovská, Anežka Mezerová, Daniela Klézlová, Karolína Sochová, Iva Peterková, Kateřina Šmatová, Martina Langrová, Markéta Uhlířová, Magdalena Lemfeldová |
|---|
| 250 | | . |
‡a1. vydání |
|---|
| 264 | | 1. |
‡aPraha :
‡bproFem,
‡c2022 |
|---|
| 300 | | . |
‡a75 stran :
‡bbarevné ilustrace, 1 mapa ;
‡c21 cm |
|---|
| 336 | | . |
‡atext
‡btxt
‡2rdacontent |
|---|
| 337 | | . |
‡abez média
‡bn
‡2rdamedia |
|---|
| 338 | | . |
‡asvazek
‡bnc
‡2rdacarrier |
|---|
| 504 | | . |
‡aObsahuje bibliografické odkazy |
|---|
| 650 | 0 | 7. |
‡anáhrada škody
‡7ph123399
‡2czenas |
|---|
| 650 | 0 | 7. |
‡anáhrada škody
‡7ph123399
‡zČesko
‡2czenas |
|---|
| 650 | 0 | 7. |
‡anásilné trestné činy
‡7ph864428
‡zČesko
‡2czenas |
|---|
| 650 | 0 | 7. |
‡aoběti trestných činů
‡7ph115541
‡zČesko
‡2czenas |
|---|
| 650 | 0 | 7. |
‡anásilí na ženách
‡7ph137284
‡zČesko
‡2czenas |
|---|
| 650 | 0 | 9. |
‡areparations
‡2eczenas |
|---|
| 650 | 0 | 9. |
‡areparations
‡zCzechia
‡2eczenas |
|---|
| 650 | 0 | 9. |
‡aviolent crimes
‡zCzechia
‡2eczenas |
|---|
| 650 | 0 | 9. |
‡avictims of crimes
‡zCzechia
‡2eczenas |
|---|
| 650 | 0 | 9. |
‡awomen abuse
‡zCzechia
‡2eczenas |
|---|
| 655 | | 7. |
‡astudie
‡7fd133597
‡2czenas |
|---|
| 655 | | 9. |
‡astudies
‡2eczenas |
|---|
| 700 | 1 | . |
‡aHoužvová, Martina
‡7hka2016917971
‡4aut |
|---|
| 700 | 1 | . |
‡aJežková, Veronika,
‡d1979-
‡7mzk2009492156
‡4aut |
|---|
| 700 | 1 | . |
‡aŠimkovská, Nella
‡7ola20231175842
‡4aut |
|---|
| 700 | 1 | . |
‡aMezerová, Anežka
‡4aut |
|---|
| 700 | 1 | . |
‡aKlézlová, Daniela
‡4aut |
|---|
| 700 | 1 | . |
‡aSochová, Karolína
‡4aut |
|---|
| 700 | 1 | . |
‡aPeterková, Iva
‡7ola20221152869
‡4aut |
|---|
| 700 | 1 | . |
‡aŠmatová, Kateřina
‡7ola20231175847
‡4aut |
|---|
| 700 | 1 | . |
‡aLangrová, Martina
‡4aut |
|---|
| 700 | 1 | . |
‡aUhlířová, Markéta
‡4aut |
|---|
| 700 | 1 | . |
‡aLemfeldová, Magdalena
‡4aut |
|---|
| 910 | | . |
‡aABG312 |
|---|
| 995 | | . |
‡aska |
|---|
| 901 | | . |
‡a57966
‡bAUTOGEN
‡c57966
‡tbiblio |
|---|